<?xml version="1.0" encoding="UTF-8"?>
<record
    xmlns:xsi="http://www.w3.org/2001/XMLSchema-instance"
    xsi:schemaLocation="http://www.loc.gov/MARC21/slim http://www.loc.gov/standards/marcxml/schema/MARC21slim.xsd"
    xmlns="http://www.loc.gov/MARC21/slim">

  <leader>00862nam a22001937a 4500</leader>
  <controlfield tag="005">20250902145619.0</controlfield>
  <datafield tag="010" ind1=" " ind2=" ">
    <subfield code="a">HIN-130324</subfield>
  </datafield>
  <datafield tag="020" ind1=" " ind2=" ">
    <subfield code="c">250 </subfield>
    <subfield code="a">9789391091606</subfield>
  </datafield>
  <datafield tag="035" ind1=" " ind2=" ">
    <subfield code="a">HN-102670</subfield>
  </datafield>
  <datafield tag="037" ind1=" " ind2=" ">
    <subfield code="b">DBAD</subfield>
  </datafield>
  <datafield tag="082" ind1=" " ind2=" ">
    <subfield code="a">821</subfield>
  </datafield>
  <datafield tag="100" ind1=" " ind2=" ">
    <subfield code="a">&#x906;&#x928;&#x93F; , &#x938;&#x930;&#x94B;&#x91C; &#x936;&#x94D;&#x92F;&#x94B;&#x930;&#x93E;&#x923;</subfield>
    <subfield code="9">84496</subfield>
  </datafield>
  <datafield tag="245" ind1=" " ind2=" ">
    <subfield code="a">&#x905;&#x928;&#x941;&#x92D;&#x942;&#x924;&#x93F;&#x92F;&#x93E;&#x901;  /</subfield>
    <subfield code="c">&#x938;&#x930;&#x94B;&#x91C; &#x936;&#x94D;&#x92F;&#x94B;&#x930;&#x93E;&#x923; &#x906;&#x928;&#x93F;</subfield>
  </datafield>
  <datafield tag="260" ind1=" " ind2=" ">
    <subfield code="a">&#x917;&#x941;&#x930;&#x941;&#x917;&#x94D;&#x930;&#x93E;&#x92E; &#x939;&#x930;&#x93F;&#x92F;&#x93E;&#x923;&#x93E;</subfield>
    <subfield code="b">&#x926;&#x93F; &#x92A;&#x93E;&#x908;&#x91F;&#x94D;&#x930;&#x94D;&#x930;&#x940; &#x938;&#x94B;&#x938;&#x93E;&#x908;&#x91F;&#x940; &#x906;&#x92B; &#x907;&#x902;&#x921;&#x93F;&#x92F;&#x93E;</subfield>
    <subfield code="c">2025</subfield>
  </datafield>
  <datafield tag="270" ind1=" " ind2=" ">
    <subfield code="a">&#x90F;&#x91A; -23/16 , &#x921;&#x940; &#x90F;&#x932; &#x90F;&#x92B;  &#x92B;&#x947;&#x91C;&#x93C;-1 </subfield>
    <subfield code="a">&#x917;&#x941;&#x930;&#x941;&#x917;&#x94D;&#x930;&#x93E;&#x92E; &#x939;&#x930;&#x93F;&#x92F;&#x93E;&#x923;&#x93E; 122002 </subfield>
  </datafield>
  <datafield tag="300" ind1=" " ind2=" ">
    <subfield code="a">78  &#x92A;&#x943;.;</subfield>
    <subfield code="c">21  &#x938;&#x947;&#x92E;&#x940; (&#x905;&#x91C;&#x93F;&#x932;&#x94D;&#x926;)</subfield>
  </datafield>
  <datafield tag="700" ind1=" " ind2=" ">
    <subfield code="a">&#x916;&#x928;&#x94D;&#x928;&#x93E; &#x90F;&#x935;&#x902; &#x935;&#x930;&#x94D;&#x92E;&#x93E;</subfield>
    <subfield code="9">84491</subfield>
  </datafield>
  <datafield tag="942" ind1=" " ind2=" ">
    <subfield code="2">ddc</subfield>
    <subfield code="c">HN</subfield>
    <subfield code="h">821 </subfield>
    <subfield code="m">&#x906;&#x928;&#x93F;</subfield>
  </datafield>
  <datafield tag="999" ind1=" " ind2=" ">
    <subfield code="c">213245</subfield>
    <subfield code="d">213245</subfield>
  </datafield>
  <datafield tag="952" ind1=" " ind2=" ">
    <subfield code="0">0</subfield>
    <subfield code="1">0</subfield>
    <subfield code="4">0</subfield>
    <subfield code="7">0</subfield>
    <subfield code="8">NFIC</subfield>
    <subfield code="a">ZLS</subfield>
    <subfield code="b">ZLS</subfield>
    <subfield code="d">2025-09-02</subfield>
    <subfield code="e">DBAD</subfield>
    <subfield code="g">250.00</subfield>
    <subfield code="l">0</subfield>
    <subfield code="o">821 &#x936;&#x935;&#x94B;&#x930;&#x93E;</subfield>
    <subfield code="p">HN-102670</subfield>
    <subfield code="r">2025-09-02 00:00:00</subfield>
    <subfield code="t">1 </subfield>
    <subfield code="v">250.00</subfield>
    <subfield code="w">2025-09-02</subfield>
    <subfield code="y">HN</subfield>
  </datafield>
</record>
